[Event "World Rapid 2019"]
[Site "Moscow RUS"]
[Date "2019.12.26"]
[Round "4.28"]
[White "Utegaliyev, Azamat"]
[Black "Jobava, Baadur"]
[Result "1/2-1/2"]
[BlackTitle "GM"]
[WhiteElo "2502"]
[BlackElo "2604"]
[WhiteFideId "13702467"]
[BlackFideId "13601520"]
[EventDate "2019.12.26"]
[EventType "rapid"]

1. e4 e5 2. Nf3 Nf6 3. Nc3 d6 4. g3 Be7 5. Bg2 Nbd7 6. O-O c6 7. d3 O-O 8. h3
Re8 9. a4 a5 10. Be3 Nf8 11. d4 Ng6 12. Qd2 Qc7 13. Rad1 h6 14. Nh2 Bf8 15. f4
exf4 16. gxf4 Nh4 17. f5 Nxg2 18. Qxg2 Kh7 19. Ng4 Nxg4 20. hxg4 f6 21. Bf4 Qf7
22. Qh2 Rd8 23. b3 Kg8 24. Rd2 Bd7 25. d5 Rac8 26. Bxd6 Bxd6 27. Qxd6 Bxf5 28.
Qg3 Bg6 29. e5 cxd5 30. exf6 gxf6 31. Rdf2 Qc7 32. Qxc7 Rxc7 33. Nb5 Rxc2 34.
Rxc2 Bxc2 35. Nd4 Bd3 36. Rxf6 Re8 37. Ne6 Bc2 38. Rxh6 Bxb3 39. Nc5 Bc2 40. Rd6
b6 41. Nd7 Kg7 42. Nxb6 Re4 1/2-1/2

[Event "World Rapid 2019"]
[Site "Moscow RUS"]
[Date "2019.12.26"]
[Round "4.29"]
[White "Zhigalko, Sergei"]
[Black "Kovalev, Vladislav"]
[Result "1/2-1/2"]
[WhiteTitle "GM"]
[BlackTitle "GM"]
[WhiteElo "2571"]
[BlackElo "2662"]
[WhiteFideId "13502956"]
[BlackFideId "13504398"]
[EventDate "2019.12.26"]
[EventType "rapid"]

1. e4 e5 2. Nf3 Nc6 3. Bb5 a6 4. Ba4 Nf6 5. O-O Be7 6. Re1 b5 7. Bb3 d6 8. c3
O-O 9. h3 Na5 10. Bc2 c5 11. d4 Qc7 12. Nbd2 cxd4 13. cxd4 Be6 14. Nf1 Rac8 15.
Bd3 exd4 16. Nxd4 Nc6 17. Nxe6 fxe6 18. Be3 Ne5 19. Rc1 Qb7 20. Bb1 Nxe4 21.
Rxc8 Rxc8 22. Bd4 Nf6 23. Bxe5 dxe5 24. Rxe5 Qb6 25. Qe2 Bc5 26. Rxe6 Bxf2+ 27.
Kh1 Qd4 28. Rxa6 Re8 29. Re6 Rxe6 30. Qxe6+ Kf8 31. Qc8+ Ke7 32. Qb7+ Qd7 33.
Qxd7+ Kxd7 34. g4 Bd4 35. g5 Nd5 36. Bxh7 Bxb2 37. Kg2 Kd6 38. Kf3 Ke5 39. h4
Bc3 40. Bg8 Ne7 41. Bb3 Be1 42. Kg4 Ke4 43. Ng3+ Ke5 44. Nf1 Ke4 45. h5 Bc3 46.
Bc2+ Ke5 47. Nh2 Nd5 48. Nf3+ Kd6 49. Bb3 Ne7 50. h6 gxh6 51. gxh6 Nc6 52. Nh4
b4 53. h7 Ne7 54. Kg5 Kd7 55. Bf7 Nc6 56. Ng6 Ne5 57. h8=N Nxf7+ 58. Nxf7 Ke6
59. Nd8+ Kd5 60. Nb7 Bd2+ 61. Kf5 Kc4 62. Ne5+ Kc3 63. Ke4 b3 64. axb3 Kxb3 1/2-1/2

[Event "World Rapid 2019"]
[Site "Moscow RUS"]
[Date "2019.12.26"]
[Round "4.30"]
[White "Gajewski, Grzegorz"]
[Black "Socko, Bartosz"]
[Result "1/2-1/2"]
[WhiteTitle "GM"]
[BlackTitle "GM"]
[WhiteElo "2626"]
[BlackElo "2618"]
[WhiteFideId "1116207"]
[BlackFideId "1107038"]
[EventDate "2019.12.26"]
[EventType "rapid"]

1. d4 Nf6 2. Bf4 g6 3. Nf3 Bg7 4. e3 d6 5. h3 O-O 6. Be2 Nc6 7. O-O Re8 8. c3
Bf5 9. Nbd2 e5 10. Bh2 Ne4 11. Nxe4 Bxe4 12. Qb3 exd4 13. exd4 Qf6 14. Rfe1 Bh6
15. Bg3 Rab8 16. Nh2 Bg7 17. Bf3 Bxf3 18. Nxf3 Qd8 19. Bh4 Qd7 20. Rxe8+ Rxe8
21. Qxb7 Rb8 22. Qa6 Rxb2 23. Re1 h6 24. Qa3 Rb5 25. Qa4 Ra5 26. Qc4 g5 27. Bg3
Ne7 28. Qb4 Rxa2 29. Qb8+ Bf8 30. h4 Ra5 31. hxg5 hxg5 32. c4 Qc8 33. Qxc8 Nxc8
34. Re8 Nb6 35. c5 dxc5 36. Bxc7 cxd4 37. Bd6 Nd7 38. Bxf8 Nxf8 39. Nxd4 Kg7 40.
g4 Ng6 41. Nf5+ Kf6 42. Kg2 Nf4+ 43. Kf3 Ra3+ 44. Ne3 Nd5 45. Rb8 Nxe3 46. fxe3
Ra1 47. Rb5 Kg6 48. Rb7 a5 49. Rb6+ f6 50. Ra6 a4 51. Ra7 a3 52. Kg2 a2 53. Kh2
Re1 54. Rxa2 Rxe3 55. Ra7 Rd3 56. Kg2 Rc3 57. Rb7 Rc8 58. Ra7 Rf8 59. Kf3 Rf7
60. Ra6 Rb7 61. Rc6 Kf7 62. Ra6 Rb3+ 63. Kf2 Rd3 64. Rb6 Ke7 65. Ra6 Rd6 66. Ra5
Rd4 67. Kf3 Ke6 68. Ra6+ Ke5 69. Ra5+ Rd5 70. Ra3 Rc5 71. Re3+ Kd5 72. Re8 Rc3+
73. Kf2 Rc4 74. Kf3 Rf4+ 75. Kg3 Re4 76. Rf8 Re6 77. Kf3 Ke5 78. Rf7 Rc6 79.
Re7+ Kd5 80. Re8 Rc3+ 81. Kf2 Kd6 82. Kg2 Rc7 83. Kf3 Rc3+ 84. Kf2 Kd5 85. Kg2
Rc6 86. Kf3 Re6 87. Rf8 Ke5 88. Rf7 Re8 89. Ra7 Rc8 90. Re7+ Kd5 91. Kf2 Rc4 92.
Kf3 Rf4+ 93. Kg3 Re4 94. Rf7 Ke5 95. Re7+ Kd4 96. Rf7 Ke5 97. Re7+ Kd5 98. Rf7
Re3+ 99. Kf2 Re6 100. Kf3 Ra6 101. Rf8 Ra3+ 102. Kf2 Ke5 103. Kg2 Rb3 104. Kf2
Kf4 105. Rxf6+ Kxg4 106. Ra6 Kh3 107. Rh6+ Kg4 108. Ra6 Rg3 109. Ra8 Rc3 110.
Kg2 Rc2+ 111. Kg1 Rc1+ 112. Kg2 Rc2+ 1/2-1/2

[Event "World Rapid 2019"]
[Site "Moscow RUS"]
[Date "2019.12.26"]
[Round "4.31"]
[White "Rakhmanov, Aleksandr"]
[Black "Indjic, Aleksandar"]
[Result "1-0"]
[WhiteTitle "GM"]
[BlackTitle "GM"]
[WhiteElo "2645"]
[BlackElo "2619"]
[WhiteFideId "4173708"]
[BlackFideId "911925"]
[EventDate "2019.12.26"]
[EventType "rapid"]

1. Nf3 d5 2. g3 c5 3. Bg2 g6 4. c3 Bg7 5. d4 cxd4 6. cxd4 Nc6 7. O-O Nf6 8. Ne5
e6 9. Nxc6 bxc6 10. Nc3 O-O 11. Bf4 Nd7 12. Rc1 Ba6 13. b3 Rc8 14. Na4 Re8 15.
Qd2 Bf8 16. Rc2 Bb5 17. Nc3 Ba6 18. Rd1 c5 19. dxc5 Nxc5 20. Bg5 Qd7 21. b4 h6
22. Bxh6 Bxh6 23. Qxh6 Na4 24. Rd4 Qe7 25. Nxd5 exd5 26. Bxd5 Qf6 27. Rf4 Qa1+
28. Kg2 Bb7 29. Qxg6+ Qg7 30. Qxg7+ Kxg7 31. Rxf7+ Kh8 32. Rxb7 Rxc2 33. Bb3
Rexe2 34. Bxc2 Rxc2 35. Rxa7 Nb2 36. b5 Nc4 37. a4 Rb2 38. Rd7 Ne5 39. Rd4 Kg7
40. h4 Kf6 41. g4 Ng6 42. Kg3 Rb3+ 43. f3 Ne5 44. Rf4+ Kg7 45. h5 Nf7 46. Rf5
Nd6 47. Rd5 Ne4+ 48. Kf4 Nf6 49. Rd4 Kf7 50. h6 Ke6 51. g5 Nd5+ 52. Rxd5 Rb4+ 1-0

[Event "World Rapid 2019"]
[Site "Moscow RUS"]
[Date "2019.12.26"]
[Round "4.33"]
[White "Adly, Ahmed"]
[Black "Xu, Yinglun"]
[Result "1/2-1/2"]
[WhiteTitle "GM"]
[BlackTitle "GM"]
[WhiteElo "2607"]
[BlackElo "2555"]
[WhiteFideId "10601619"]
[BlackFideId "8604940"]
[EventDate "2019.12.26"]
[EventType "rapid"]

1. Nf3 Nf6 2. g3 d5 3. Bg2 c6 4. O-O Bf5 5. c4 e6 6. cxd5 exd5 7. d3 Be7 8. Nd4
Bc8 9. e4 c5 10. Nf5 Bxf5 11. exf5 Nc6 12. Nc3 Qd7 13. Bg5 O-O 14. Bxf6 Bxf6 15.
Nxd5 Bxb2 16. Rb1 Bd4 17. f6 Rfe8 18. Ne7+ Nxe7 19. Rxb7 Qd6 20. fxe7 Rab8 21.
Rxb8 Qxb8 22. Re1 Be5 23. f4 Bf6 24. Qa4 Rxe7 25. Rxe7 Bxe7 26. Bd5 Kf8 27. Qe4
g6 28. Bc4 Bf6 29. Qd5 Qc7 30. a4 a5 31. Kg2 Kg7 32. h4 Qe7 33. Kh3 h5 34. f5
Bd4 35. fxg6 fxg6 36. Qg8+ Kh6 37. Bd5 Qf6 1/2-1/2

[Event "World Rapid 2019"]
[Site "Moscow RUS"]
[Date "2019.12.26"]
[Round "4.34"]
[White "Bocharov, Dmitry"]
[Black "Pogosyan, Stefan"]
[Result "1-0"]
[WhiteTitle "GM"]
[BlackTitle "IM"]
[WhiteElo "2524"]
[BlackElo "2459"]
[WhiteFideId "4138716"]
[BlackFideId "34159867"]
[EventDate "2019.12.26"]
[EventType "rapid"]

1. c4 e5 2. d3 Nc6 3. Nf3 Nf6 4. a3 a5 5. Nc3 Bc5 6. g3 d6 7. Bg2 O-O 8. O-O h6
9. e3 Bg4 10. h3 Bh5 11. b3 Re8 12. Bb2 Qd7 13. Rc1 Rad8 14. Nd5 Nxd5 15. cxd5
Ne7 16. Nxe5 Bxd1 17. Nxd7 Bxb3 18. Nxc5 dxc5 19. Rxc5 Bxd5 20. e4 Bc6 21. d4 b6
22. Rc2 Bb5 23. Ra1 Rd7 24. d5 f5 25. f3 fxe4 26. fxe4 a4 27. Rac1 c6 28. dxc6
Nxc6 29. Rxc6 Bxc6 30. Rxc6 Rd1+ 31. Kh2 Rd2 32. Bc3 Rc2 33. e5 Rf8 34. Bb4 Rff2
35. Rxc2 Rxc2 36. e6 Rb2 37. Kg1 Rb1+ 38. Bf1 b5 39. Kf2 Rxb4 40. axb4 a3 41. e7
Kf7 42. Bxb5 Kxe7 43. Bc4 Kd6 44. Ke3 Ke5 45. Kd3 g5 46. Kc3 1-0

[Event "World Rapid 2019"]
[Site "Moscow RUS"]
[Date "2019.12.26"]
[Round "4.35"]
[White "Harsha, Bharathakoti"]
[Black "Melkumyan, Hrant"]
[Result "0-1"]
[WhiteTitle "GM"]
[BlackTitle "GM"]
[WhiteElo "2523"]
[BlackElo "2668"]
[WhiteFideId "5078776"]
[BlackFideId "13302485"]
[EventDate "2019.12.26"]
[EventType "rapid"]

1. d4 Nf6 2. c4 g6 3. Nc3 d5 4. Nf3 Bg7 5. h4 c6 6. cxd5 cxd5 7. Bf4 Nc6 8. Qb3
Na5 9. Qb4 Nc6 10. Qb3 O-O 11. e3 Na5 12. Qb4 Nc6 13. Qa3 Bg4 14. Be2 e6 15. Ne5
Bxe2 16. Nxc6 bxc6 17. Nxe2 Nd7 18. Bd6 Re8 19. Rc1 e5 20. dxe5 Nxe5 21. Bxe5
Bxe5 22. Kf1 Qb6 23. b3 Rac8 24. h5 c5 25. hxg6 hxg6 26. Rh3 d4 27. Qa4 d3 28.
Nf4 c4 29. bxc4 Bxf4 30. exf4 Qb2 31. Rd1 Qe2+ 32. Kg1 d2 33. Kh2 Rcd8 34. Re3
Rxe3 35. fxe3 Qxe3 36. c5 Qxc5 37. Qe4 Qh5+ 0-1

[Event "World Rapid 2019"]
[Site "Moscow RUS"]
[Date "2019.12.26"]
[Round "4.36"]
[White "Ivanisevic, Ivan"]
[Black "Dragnev, Valentin"]
[Result "1/2-1/2"]
[WhiteTitle "GM"]
[BlackTitle "GM"]
[WhiteElo "2593"]
[BlackElo "2553"]
[WhiteFideId "912417"]
[BlackFideId "1634852"]
[EventDate "2019.12.26"]
[EventType "rapid"]

1. c4 e6 2. Nc3 d5 3. d4 Nf6 4. Bg5 Be7 5. e3 Nbd7 6. Rc1 h6 7. Bh4 O-O 8. Nf3
c5 9. cxd5 Nxd5 10. Bxe7 Nxe7 11. Bb5 cxd4 12. Qxd4 Nf6 13. O-O b6 14. Rfd1 Bb7
15. Qe5 Qb8 16. Be2 a6 17. Qxb8 Raxb8 18. Ne5 b5 19. Nd3 Rbc8 20. b4 Nd7 21. a4
bxa4 22. Nxa4 Bc6 23. Nac5 Nxc5 24. Nxc5 Bb5 25. Bf3 Rc7 26. Ra1 Rb8 27. h4 g6
28. g3 Kg7 29. Kg2 Nc6 30. Nxa6 Bxa6 31. Rxa6 Nxb4 32. Rad6 Rbc8 33. Be4 h5 34.
R1d2 Nc6 1/2-1/2

[Event "World Rapid 2019"]
[Site "Moscow RUS"]
[Date "2019.12.26"]
[Round "4.37"]
[White "Sadhwani, Raunak"]
[Black "Amin, Bassem"]
[Result "0-1"]
[WhiteTitle "IM"]
[BlackTitle "GM"]
[WhiteElo "2507"]
[BlackElo "2683"]
[WhiteFideId "35093487"]
[BlackFideId "10601457"]
[EventDate "2019.12.26"]
[EventType "rapid"]

1. Nf3 Nf6 2. c4 g6 3. Nc3 Bg7 4. e4 d6 5. d4 O-O 6. Be2 e5 7. O-O Nc6 8. d5 Ne7
9. Ne1 Nd7 10. Nd3 f5 11. f3 f4 12. b4 g5 13. c5 h5 14. a4 Nf6 15. a5 g4 16.
fxg4 hxg4 17. Nf2 Qd7 18. a6 bxa6 19. c6 Qe8 20. Nxg4 Qg6 21. Nf2 Rb8 22. b5 Bh6
23. bxa6 Rf7 24. Bf3 Rh7 25. Bd2 Bg5 26. Be1 Rb6 27. Na4 Rb8 28. Ba5 Qh6 29. h3
Ng6 30. Ng4 Bxg4 31. Bxg4 Nxe4 32. Rb1 Rf8 33. Rb3 Nh4 34. Be1 Nf6 35. Be6+ Kh8
36. Qb1 e4 37. Bc3 Rg7 38. Rb8 Rxb8 39. Qxb8+ Kh7 40. Qc8 f3 41. g3 Be3+ 42. Kh1
Rxg3 43. Qxc7+ Rg7 44. Qxd6 Qg5 45. Bg4 Nxg4 46. Bxg7 Nf6 0-1

[Event "World Rapid 2019"]
[Site "Moscow RUS"]
[Date "2019.12.26"]
[Round "4.39"]
[White "Korobov, Anton"]
[Black "Sethuraman, S.P."]
[Result "1/2-1/2"]
[WhiteTitle "GM"]
[BlackTitle "GM"]
[WhiteElo "2668"]
[BlackElo "2638"]
[WhiteFideId "14105730"]
[BlackFideId "5021596"]
[EventDate "2019.12.26"]
[EventType "rapid"]

1. d4 f5 2. g3 Nf6 3. Bg2 g6 4. Nf3 Bg7 5. O-O O-O 6. b3 d6 7. Bb2 a5 8. c4 c6
9. Nbd2 e5 10. dxe5 Nfd7 11. e4 f4 12. gxf4 Rxf4 13. c5 Nxc5 14. Qc2 Nba6 15.
exd6 Bxb2 16. Qxb2 Qxd6 17. Nc4 Qf8 18. Nd4 Rh4 19. f4 Nd3 20. Qd2 Nac5 21. f5
Qh6 22. Qxh6 Rxh6 23. f6 Bg4 24. Ne3 Bd7 25. Rad1 Rf8 26. Nc4 g5 27. e5 b5 28.
Nxa5 Nxe5 29. b4 Ncd3 30. Ndxc6 Rhxf6 31. Nxe5 Rxf1+ 32. Rxf1 Nxe5 33. Bd5+ Kg7
34. Rxf8 Kxf8 35. Nb7 Ke7 36. Nc5 Bc6 37. Bxc6 Nxc6 38. a3 Nd4 39. a4 bxa4 40.
Nxa4 Kd6 41. Kf2 Kd5 42. Nc3+ Kc4 43. Ne4 h6 44. Kg3 Kxb4 45. Kg4 Kc4 46. Nxg5
hxg5 47. Kxg5 Nf3+ 48. Kf4 1/2-1/2

[Event "World Rapid 2019"]
[Site "Moscow RUS"]
[Date "2019.12.26"]
[Round "4.40"]
[White "Jakovenko, Dmitry"]
[Black "Castellanos Rodriguez, Renier"]
[Result "1-0"]
[WhiteTitle "GM"]
[BlackTitle "IM"]
[WhiteElo "2698"]
[BlackElo "2474"]
[WhiteFideId "4122356"]
[BlackFideId "3404650"]
[EventDate "2019.12.26"]
[EventType "rapid"]

1. e4 c5 2. Nf3 d6 3. d4 cxd4 4. Nxd4 Nf6 5. Nc3 a6 6. f3 e5 7. Nb3 Be6 8. Be3
Be7 9. Qd2 Nbd7 10. O-O-O h5 11. Nd5 Nxd5 12. exd5 Bf5 13. Kb1 Rc8 14. Rc1 O-O
15. Be2 Nb6 16. Na5 Qc7 17. Bd3 Bd7 18. c4 Na4 19. Nb3 b6 20. g4 h4 21. g5 Nc5
22. Nxc5 bxc5 23. Qf2 f5 24. Qxh4 Be8 25. f4 Bg6 26. Be2 e4 27. Qg3 Rb8 28. h4
Qa5 29. Rc2 Bd8 30. Bd2 Qa4 31. h5 Be8 32. h6 Ba5 33. hxg7 1-0

[Event "World Rapid 2019"]
[Site "Moscow RUS"]
[Date "2019.12.26"]
[Round "4.41"]
[White "Jumabayev, Rinat"]
[Black "Yu, Yangyi"]
[Result "1/2-1/2"]
[WhiteTitle "GM"]
[BlackTitle "GM"]
[WhiteElo "2646"]
[BlackElo "2738"]
[WhiteFideId "13702661"]
[BlackFideId "8603820"]
[EventDate "2019.12.26"]
[EventType "rapid"]

1. d4 d5 2. c4 dxc4 3. Nf3 Nf6 4. e3 e6 5. Bxc4 c5 6. O-O a6 7. dxc5 Bxc5 8.
Qxd8+ Kxd8 9. Be2 Ke7 10. Ne5 Rd8 11. Nd2 Kf8 12. Nb3 Be7 13. Bf3 Nbd7 14. Nc4
Rb8 15. e4 e5 16. Be3 b6 17. Rfd1 a5 18. a4 Ba6 19. Nd6 Ne8 20. Nb5 Bxb5 21.
axb5 Nd6 22. Nd2 Nxb5 23. Nc4 Bc5 24. Bg4 Nf6 25. Bxc5+ bxc5 26. Rxd8+ Rxd8 27.
Bf3 Nd6 28. Rd1 Ke7 29. Nxe5 Rc8 30. Nd3 c4 31. e5 cxd3 32. exd6+ Kxd6 33. Rxd3+
Ke5 34. g3 Rb8 35. Ra3 Rb5 36. Be2 Rc5 37. Rb3 Ne4 38. Re3 Kd4 39. Rd3+ Ke5 40.
Re3 Kd5 41. Rd3+ Ke6 42. Re3 Kd5 43. Rd3+ Kc6 44. Rd4 f5 45. Bd3 Re5 46. b4 axb4
47. Rxb4 Nc5 48. Bb5+ Kd6 49. Bf1 Rd5 50. Rb2 Ke5 51. Kg2 Ne4 52. Rb5 Rxb5 53.
Bxb5 g5 54. h3 h6 55. Kf3 Nd6 56. Bd3 Ne8 57. Bb1 Nf6 58. Bc2 h5 59. h4 g4+ 60.
Kg2 f4 1/2-1/2

[Event "World Rapid 2019"]
[Site "Moscow RUS"]
[Date "2019.12.26"]
[Round "4.42"]
[White "Salem, A.R. Saleh"]
[Black "Tari, Aryan"]
[Result "1/2-1/2"]
[WhiteTitle "GM"]
[BlackTitle "GM"]
[WhiteElo "2675"]
[BlackElo "2634"]
[WhiteFideId "9301348"]
[BlackFideId "1510045"]
[EventDate "2019.12.26"]
[EventType "rapid"]

1. Nf3 Nf6 2. c4 c5 3. Nc3 d5 4. cxd5 Nxd5 5. e3 Nxc3 6. dxc3 Qc7 7. e4 Nc6 8.
Qd2 e6 9. Qg5 f6 10. Qh5+ Qf7 11. Qxf7+ Kxf7 12. Be3 e5 13. Bb5 Na5 14. Nd2 Be6
15. g3 Be7 16. f4 exf4 17. gxf4 f5 18. e5 Rhd8 19. h4 a6 20. Be2 b5 21. b3 Nc6
22. Nf3 h6 23. Kf2 b4 24. Rhc1 bxc3 25. Rxc3 Nd4 26. h5 a5 27. Bc4 Nxf3 28. Kxf3
a4 29. Bxe6+ Kxe6 30. Rg1 axb3 31. Rxb3 Kf7 32. e6+ Kf8 33. Rc1 Ra6 34. Bxc5
Rxe6 35. Bxe7+ Rxe7 36. Rc5 Ra7 37. Rxf5+ Kg8 38. a3 Rda8 39. Rfb5 1/2-1/2

[Event "World Rapid 2019"]
[Site "Moscow RUS"]
[Date "2019.12.26"]
[Round "4.43"]
[White "Tomashevsky, Evgeny"]
[Black "Nozdrachev, Vladislav"]
[Result "1/2-1/2"]
[WhiteTitle "GM"]
[BlackTitle "IM"]
[WhiteElo "2705"]
[BlackElo "2494"]
[WhiteFideId "4147235"]
[BlackFideId "24113441"]
[EventDate "2019.12.26"]
[EventType "rapid"]

1. c4 e6 2. Nc3 d5 3. d4 Nf6 4. cxd5 exd5 5. Bg5 c6 6. e3 Be7 7. Bd3 O-O 8. Qc2
Nbd7 9. h3 Re8 10. Bf4 Nf8 11. Nf3 Ne6 12. Bh2 Bf8 13. O-O g6 14. Rab1 a5 15. a3
Ng7 16. b4 axb4 17. axb4 Bf5 18. b5 Bxd3 19. Qxd3 Ne6 20. bxc6 bxc6 21. Ne5 Qc8
22. Rfc1 Ra3 23. Qd1 Qa8 24. Bg3 Bg7 25. Bh4 g5 26. Bg3 Rc8 27. Qf3 c5 28. dxc5
Rxc5 29. Ne2 Rxc1+ 30. Rxc1 Ra1 31. Rxa1 Qxa1+ 32. Kh2 Qa4 33. Qf5 h5 34. Nf3
Qe4 35. Ned4 g4 36. Qxe4 Nxe4 37. Nxe6 fxe6 38. Ne1 gxh3 39. Kxh3 Kf7 40. Nd3
Bf6 41. f3 Nxg3 42. Kxg3 e5 43. e4 dxe4 44. fxe4 Kg6 45. Ne1 Bg7 46. Nf3 Bf6 47.
Kf2 Bg7 48. Ke3 Bh6+ 49. Kd3 Bf4 50. Kc4 Kf6 51. Kd5 Bg3 52. Kd6 Bf4 53. Kd7 Kf7
54. Kd6 Kf6 55. Kd5 Bg3 56. Kd6 1/2-1/2

[Event "World Rapid 2019"]
[Site "Moscow RUS"]
[Date "2019.12.26"]
[Round "4.44"]
[White "Anton Guijarro, David"]
[Black "Petrov, Nikita"]
[Result "0-1"]
[WhiteTitle "GM"]
[BlackTitle "GM"]
[WhiteElo "2685"]
[BlackElo "2585"]
[WhiteFideId "2285525"]
[BlackFideId "4101286"]
[EventDate "2019.12.26"]
[EventType "rapid"]

1. Nf3 d5 2. b3 Bg4 3. Bb2 Nd7 4. e3 Ngf6 5. h3 Bxf3 6. Qxf3 c6 7. g4 e6 8. h4
Qc7 9. Be2 a5 10. a3 Ne4 11. d3 Nd6 12. Nd2 e5 13. c4 dxc4 14. bxc4 Be7 15. Qg3
O-O-O 16. Rc1 Kb8 17. c5 Ne8 18. Ne4 Nef6 19. Nxf6 Bxf6 20. g5 Be7 21. d4 h6 22.
g6 fxg6 23. Qxg6 Bf6 24. d5 cxd5 25. c6 bxc6 26. O-O e4 27. Bd4 Nf8 28. Qf5 Bxd4
29. exd4 Rd6 30. Rc3 Ne6 31. Qe5 Ka7 32. Bg4 Re8 33. Rb1 Rd7 34. Rc5 Nxc5 35.
Qxe8 Rd8 36. Qg6 Nd3 37. Bd1 Rf8 38. f3 exf3 39. Ba4 Re8 40. Kf1 Re2 41. Qxd3
Qg3 42. Rb7+ Kxb7 43. Bxc6+ Kc7 0-1

[Event "World Rapid 2019"]
[Site "Moscow RUS"]
[Date "2019.12.26"]
[Round "4.45"]
[White "Inarkiev, Ernesto"]
[Black "Rychagov, Andrey"]
[Result "1/2-1/2"]
[WhiteTitle "GM"]
[BlackTitle "GM"]
[WhiteElo "2663"]
[BlackElo "2545"]
[WhiteFideId "4162722"]
[BlackFideId "4119932"]
[EventDate "2019.12.26"]
[EventType "rapid"]

1. e4 e6 2. d4 d5 3. Nc3 dxe4 4. Nxe4 Nd7 5. Nf3 Ngf6 6. Bg5 h6 7. Bxf6 Nxf6 8.
Bd3 Nxe4 9. Bxe4 c5 10. c3 cxd4 11. Nxd4 Bc5 12. Qa4+ Bd7 13. Qc4 Qb6 14. O-O-O
Rc8 15. Kb1 O-O 16. f4 Rfd8 17. Qb3 Bxd4 18. Rxd4 Bc6 19. Qxb6 axb6 20. Bxc6
bxc6 21. Rhd1 Rd5 22. c4 Rh5 23. h3 e5 24. Rd8+ Rxd8 25. Rxd8+ Kh7 26. fxe5 Rxe5
27. a4 f5 28. Rb8 f4 29. Rxb6 Rg5 30. Rxc6 Rxg2 31. Rc8 g5 32. a5 Re2 33. a6 Re7
34. b4 Kg7 35. Rd8 f3 36. Rd3 Rf7 37. b5 f2 38. Rd1 Re7 39. a7 Re1 40. a8=Q
Rxd1+ 41. Kc2 f1=Q 42. Qb7+ Kg6 43. Qc6+ Kf7 44. Qb7+ Ke6 45. Qc6+ Ke7 46. Qe4+
Kf8 47. Qa8+ Kg7 48. Qb7+ Kg6 49. Qe4+ Kf7 50. Qh7+ Ke8 51. Qg6+ Ke7 52. Qg7+
Ke8 53. Qg6+ Kd7 54. Qc6+ Ke7 55. Qe4+ Kf6 56. b6 Ra1 57. Qc6+ Kg7 58. Qd7+ Kf6
59. Qd6+ Kf7 60. Qd7+ Kf6 61. Qd6+ Kf7 62. Qd7+ 1/2-1/2

[Event "World Rapid 2019"]
[Site "Moscow RUS"]
[Date "2019.12.26"]
[Round "4.46"]
[White "Narayanan, Srinath"]
[Black "Gelfand, Boris"]
[Result "1/2-1/2"]
[WhiteTitle "GM"]
[BlackTitle "GM"]
[WhiteElo "2529"]
[BlackElo "2684"]
[WhiteFideId "5018420"]
[BlackFideId "2805677"]
[EventDate "2019.12.26"]
[EventType "rapid"]

1. Nf3 c5 2. e3 Nf6 3. d4 d5 4. dxc5 e6 5. c4 Bxc5 6. Nc3 O-O 7. cxd5 exd5 8.
Be2 Nc6 9. O-O Bg4 10. h3 Bh5 11. b3 Re8 12. Bb2 a6 13. Rc1 Ba7 14. Nh4 Bg6 15.
Nxg6 hxg6 16. Bf3 d4 17. exd4 Bxd4 18. Bxc6 bxc6 19. Qf3 c5 20. Rc2 Qa5 21. Ne2
Bxb2 22. Rxb2 Ne4 23. Rc1 Rad8 24. Nc3 Ng5 25. Qc6 Ne6 26. Re2 Rc8 27. Qa4 Qb4
28. Qxa6 Ra8 29. Qb5 Rec8 30. Qc4 Nd4 31. Re7 Qxc4 32. bxc4 Ra3 33. Nd5 Rxa2 34.
Rb1 Rc2 35. Rbb7 Rf8 36. Nb6 Rb2 37. Na4 Rxb7 38. Rxb7 Rc8 39. g3 g5 40. Kg2 f6
41. Nb6 Rc6 42. Nd5 Kh7 43. Ne3 Kg6 44. Rd7 Ra6 45. Rd5 Rc6 46. Rd7 Ra6 47. Rd5 1/2-1/2

[Event "World Rapid 2019"]
[Site "Moscow RUS"]
[Date "2019.12.26"]
[Round "4.47"]
[White "Yilmaz, Mustafa"]
[Black "Alekseenko, Kirill"]
[Result "0-1"]
[WhiteTitle "GM"]
[BlackTitle "GM"]
[WhiteElo "2604"]
[BlackElo "2704"]
[WhiteFideId "6302718"]
[BlackFideId "4135539"]
[EventDate "2019.12.26"]
[EventType "rapid"]

1. d4 d5 2. c4 dxc4 3. Nf3 a6 4. e3 Bg4 5. Bxc4 e6 6. O-O Nf6 7. Nc3 Nc6 8. h3
Bh5 9. Re1 Be7 10. b3 O-O 11. Bb2 Nb4 12. Rc1 Nbd5 13. e4 Nf4 14. Kh2 c5 15. Qd2
Ng6 16. e5 Bxf3 17. gxf3 cxd4 18. Nb1 Nh4 19. Qf4 Nd5 20. Qg4 b5 21. Bd3 Bg5 22.
Rg1 g6 23. Be4 Bf4+ 24. Kh1 Bxe5 25. Bxd5 exd5 26. f4 Bg7 27. Nd2 h5 28. Qg3 Nf5
29. Qf3 Qa5 30. Rc2 Rac8 31. Qd3 Rxc2 32. Qxc2 d3 33. Qc1 Qxa2 34. Bxg7 Kxg7 35.
Qc3+ d4 36. Qxd3 Kh6 37. Ne4 Rc8 38. Qf3 Qc2 39. Ng5 Kg7 40. Kh2 Rc3 41. Qg2 Nh4
42. Qb7 Qf5 43. Rg3 Rc2 44. Kg1 d3 0-1

[Event "World Rapid 2019"]
[Site "Moscow RUS"]
[Date "2019.12.26"]
[Round "4.48"]
[White "Chigaev, Maksim"]
[Black "Rozum, Ivan"]
[Result "1/2-1/2"]
[WhiteTitle "GM"]
[BlackTitle "GM"]
[WhiteElo "2631"]
[BlackElo "2573"]
[WhiteFideId "4108116"]
[BlackFideId "24104272"]
[EventDate "2019.12.26"]
[EventType "rapid"]

1. e4 c6 2. d4 d5 3. exd5 cxd5 4. Bd3 Nf6 5. c3 Bg4 6. Qb3 Qc7 7. h3 Bh5 8. g4
Bg6 9. Bxg6 hxg6 10. g5 Nfd7 11. Qxd5 e5 12. Ne2 Nc6 13. Be3 Nb6 14. Qf3 O-O-O
15. Nd2 exd4 16. Nxd4 Nxd4 17. Bxd4 Bc5 18. Bxc5 Qxc5 19. O-O-O Qxg5 20. Qxf7
Rd6 21. h4 Rxh4 22. Rxh4 Qxh4 23. Re1 Rd7 24. Qf8+ Rd8 25. Re8 Rxe8 26. Qxe8+
Kc7 27. Qe5+ Kc8 28. Ne4 Qh1+ 29. Kc2 Qf3 30. Qc5+ Kd8 31. Qd4+ Nd7 32. a4 b6
33. Kb1 Qf4 34. Ka2 Ke7 35. Qxg7+ Qf7+ 36. Qxf7+ Kxf7 37. Kb3 Ke6 38. Kc4 Ke5
39. Nd2 a6 40. b4 g5 41. Kd3 g4 42. Ke3 b5 43. a5 Kd5 44. Kf4 Ne5 45. Ne4 Nd3+
46. Kf5 Nxf2 47. Nxf2 g3 48. Nd1 Kc4 49. Ke4 g2 50. Ne3+ Kxc3 51. Nxg2 Kxb4 1/2-1/2

[Event "World Rapid 2019"]
[Site "Moscow RUS"]
[Date "2019.12.26"]
[Round "4.49"]
[White "Sjugirov, Sanan"]
[Black "Triapishko, Alexandr"]
[Result "1/2-1/2"]
[WhiteTitle "GM"]
[BlackTitle "IM"]
[WhiteElo "2665"]
[BlackElo "2502"]
[WhiteFideId "4189302"]
[BlackFideId "14122286"]
[EventDate "2019.12.26"]
[EventType "rapid"]

1. d4 Nf6 2. c4 e6 3. Nf3 d5 4. Nc3 Bb4 5. Bg5 h6 6. Bxf6 Qxf6 7. Qa4+ Nc6 8. e3
O-O 9. Be2 dxc4 10. O-O Bd7 11. Bxc4 Bd6 12. Qc2 a6 13. a3 Rfd8 14. Rad1 Qe7 15.
Ba2 b5 16. Ne4 b4 17. a4 Na5 18. Bb1 f5 19. Nxd6 cxd6 20. Rde1 Rdc8 21. Qd1 Qe8
22. Qd2 Nc4 23. Qe2 d5 24. b3 Na3 25. Bd3 Rc3 26. Nd2 a5 27. f3 Rac8 28. e4 f4
29. Ba6 Re3 30. Qf2 Rcc3 31. Qh4 Qf8 32. exd5 exd5 33. Bb7 Be6 34. Qh5 Qf7 35.
Qxf7+ Kxf7 36. Rd1 Nc2 37. Rf2 Nxd4 38. Nf1 Red3 39. Re1 Rxb3 40. Ba6 Rdc3 41.
Rd2 Nf5 42. g3 Rxf3 43. Rde2 Nd4 44. Rd2 Nc6 45. Rde2 Nd4 46. Rd2 Nf5 47. Rde2
Nd4 48. Rd2 Nf5 49. Rde2 1/2-1/2